书目信息 |
| 题名: |
傻瓜必读:Access97 for Windows(中文版)(含光盘)
|
|
| 作者: | 李双庆 译 | |
| 分册: | ||
| 出版信息: | 北京 电子工业出版社 1998.01 |
|
| 页数: | 240页 | |
| 开本: | 16开 | |
| 丛书名: | ||
| 单 册: | ||
| 中图分类: | TP311.132.3 | |
| 科图分类: | ||
| 主题词: | 软件 | |
| 电子资源: | ||
| ISBN: | 7-5053-4326-2 | |
| 000 | 00626nam0 2200193 45 | |
| 001 | 0004040949 | |
| 005 | 20000404092128.4 | |
| 010 | @a7-5053-4326-2@d47.00元 | |
| 100 | @a20000404d1998 km y0chiy0120 ea | |
| 101 | @achi | |
| 105 | @a z 000yy | |
| 200 | 1 | @a傻瓜必读:Access97 for Windows(中文版)(含光盘)@ASha Gua Bi Du:Access97 for Windows(Zhong Wen Ban)(HanGuang Pan)@f李双庆等译@FLi Shuang Qing Deng Yi |
| 210 | @a北京@c电子工业出版社@d1998.01 | |
| 215 | @a240页@d16开 | |
| 606 | 0 | @a软件 |
| 690 | @aTP311.132.3@v3 | |
| 701 | @a李双庆@4译 | |
| 801 | @aCN@bPftUser@c20000404 | |
| 905 | @f3@b52279-281@dTP311.132.3@eL691 | |
| 傻瓜必读:Access97 for Windows(中文版)(含光盘)/李双庆等译.-北京:电子工业出版社,1998.01 |
| 240页;16开 |
| ISBN 7-5053-4326-2:47.00元 |
| ● |
| 相关链接 |
|
|
|
正题名:傻瓜必读:Access97 for Windows(中文版)(含
索取号:TP311.132.3/L691
 
预约/预借
| 序号 | 登录号 | 条形码 | 馆藏地/架位号 | 状态 | 备注 |
| 1 | 52279 | 200522791 | 期刊室512/301自科库 40排6列5层/ [索取号:TP311.132.3/L691] | 在馆 | |
| 2 | 52280 | 200522808 | 期刊室512/301自科库 40排6列5层/ [索取号:TP311.132.3/L691] | 在馆 | |
| 3 | 52281 | 200522817 | 期刊室512/301自科库 40排2列3层/ [索取号:TP311.132.3/L691] | 在馆 |